Temprano no, a tiempo / (Registro nro. 36082)
[ vista simple ]
| 000 -CABECERA | |
|---|---|
| Longitud fija campo de control | 00901nam a2200253 a 4500 |
| 003 - • IDENTIFICADOR DELl NÚMERO DE CONTROL | |
| Identificador del número de control | CO-ViMGA |
| 005 - • FECHA Y HORA DE LA ÚLTIMA TRANSACCIÓN | |
| Fecha y hora de la última transacción | 20230915233146.0 |
| 008 - • CÓDIGOS DE INFORMACIÓN DE LONGITUD FIJA | |
| Códigos de información de longitud fija | 150220s2014 ck a gr 00110 spa d |
| 020 ## - • NÚMERO INTERNACIONAL NORMALIZADO PARA LIBROS | |
| Número Internacional Normalizado para Libros (ISBN) | 9789588843100 |
| 040 ## - FUENTE DE LA CATALOGACIÓN | |
| Centro catalogador de origen | CO-ViMGA |
| Lengua de catalogación | spa |
| Centro transcriptor | CO-ViMGA |
| 082 04 - • NÚMERO DE LA CLASIFICACIÓN DECIMAL DEWEY | |
| Número de clasificación (R) | 617.6 |
| Número del ítem | U74t |
| Número de edición | 21 |
| 100 1# - • PUNTO DE ACCESO PRINCIPAL-NOMBRE DE PERSONA | |
| Nombre de persona | Uribe Restrepo, Gonzalo Alonso. |
| 245 10 - • TITULO PROPIAMENTE DICHO | |
| Título | Temprano no, a tiempo / |
| Mención de responsabilidad, etc. | Gonzalo Alonso Uribe Restrepo, Darío Cárdenas Jaramillo. |
| 300 ## - • DESCRIPCIÓN FÍSICA | |
| Extensión | xxii, 504 páginas : |
| Otras características físicas | ilustraciones, gráficos ; |
| Dimensiones | 29 cm. |
| 490 1# - • MENCIÓN DE SERIE | |
| Mención de serie | Fundamentos de odontología |
| 500 ## - • NOTA GENERAL | |
| Nota general | Glosario : p. 495-500. |
| 504 ## - • NOTA DE BIBLIOGRAFÍA, ETC | |
| Nota de bibliografía, etc. | Incluye bibliografías e índice. |
| 650 14 - • PUNTO DE ACCESO ADICIONAL DE MATERIA - TÉRMINO DE MATERIA | |
| Término de materia o nombre geográfico como elemento inicial | Odontología. |
| 650 14 - • PUNTO DE ACCESO ADICIONAL DE MATERIA - TÉRMINO DE MATERIA | |
| Término de materia o nombre geográfico como elemento inicial | Salud oral. |
| 700 1# - • PUNTO DE ACCESO ADICIONAL - NOMBRE DE PERSONA | |
| Nombre de persona | Cárdenas Jaramillo, Darío. |
| 942 ## - ENTRADA DE ELEMENTOS AGREGADOS (KOHA) | |
| Fuente de clasificaión o esquema | Dewey Decimal Classification |
| Koha [por defecto] tipo de item | LIbro |
| Perdido | Fuente de clasificación o esquema | Estado Físico | No para préstamo | Forma de adquisición | Localización permanente | Localización actual | Fecha adquisición | Préstamos totales | Signatura completa | Código de barras | Fecha última consulta | Fecha del precio de reemplazo | Tipo de item de Koha |
|---|---|---|---|---|---|---|---|---|---|---|---|---|---|
| Dewey Decimal Classification | Sala Especializada Tercer Piso | Biblioteca Pública Germán Arciniegas - Villavicencio | Biblioteca Pública Germán Arciniegas - Villavicencio | 09/07/2016 | 617.6 U74t | 31079 | 05/13/2019 | 09/07/2016 | LIbro |